Criterios de inadmisibilidad: requerimientos de inaplicabilidad por inconstitucionalidad

محفوظ في:
التفاصيل البيبلوغرافية
مؤلف مشترك: Tribunal Constitucional de Chile (مؤلف)
التنسيق: كتاب
اللغة:الإسبانية
منشور في: Santiago Tribunal Constitucional Chile 2014
الطبعة:1a. ed
الموضوعات:
الوسوم: إضافة وسم
لا توجد وسوم, كن أول من يضع وسما على هذه التسجيلة!

MARC

LEADER 00000cam a2200000 a 4500
001 UCE4622
003 CL-VaPUC
008 141107e20140900cl |||||||||||||||||spa|d
082 0 4 |a 347.8305  |b TRI  |2 21 
110 2 |a Tribunal Constitucional de Chile  |e author  |9 577181 
245 1 0 |a Criterios de inadmisibilidad: requerimientos de inaplicabilidad por inconstitucionalidad 
250 |a 1a. ed 
300 |a 48 p 
942 |c BK 
945 |d 20141107 12:15:00  |a dcastane 
260 |a Santiago  |b Tribunal Constitucional Chile  |c 2014 
600 0 7 |a CORTE SUPREMA  |2 CL-VaPUC  |9 389044 
650 0 |a Recurso de inaplicabilidad   |9 384625 
650 0 |a Inconstitucionalidad  |9 403725 
650 0 |a Procedimiento civil  |9 254870 
650 0 |a Jurisprudencia  |9 255952 
583 |a last modification  |c 20150324 12:45:39  |k Rodrigo Vera 
999 |c 357503  |d 357501 
952 |0 0  |1 0  |2 ddc  |3 erb  |4 0  |6 347_830500000000000_TRI_2014  |7 0  |8 A  |9 465526  |a BIBDER  |b BIBDER  |i 5122244  |l 1  |o 347.8305 TRI 2014  |p 5122244  |r 2024-05-09  |s 2024-05-09  |w 2019-11-23  |y MX  |z Catalogado en:20141107  |k DER